000 00365nam a2200157Ia 4500
008 230524s9999 xx 000 0 und d
082 _a658
_bMAZ
100 _aFraidoom Mazda
245 0 _aEngineering Management
250 _a1ST
260 _aNEW DELHI
_bWesley
_c2000
300 _a658
500 _aQuantity Number: 2
650 _aManagement
942 _cBK
999 _c11400
_d11400